| 000 | 01622nam a2200481 i 4500 | ||
|---|---|---|---|
| 001 | 52469 | ||
| 003 | KOSZ 005 | ||
| 005 | 20191116121804.0 | ||
| 008 | 980609s1997 pl a f |000 0 pol | ||
| 015 | _aPB 2000/9193 | ||
| 020 | _a8385749047 | ||
| 035 | _a(PL-WaBN)b13361673-48omnis_nlop | ||
| 035 | _ab13361673 | ||
| 035 | _a(OCoLC)749347495 | ||
| 035 | _a(PL)b0000001336167 | ||
| 040 |
_aKR U _dWA N _dKOSZ 005/HR _cKR U |
||
| 041 | 1 |
_apol _hger |
|
| 046 | _k1997 | ||
| 080 | _a697 | ||
| 080 | _a628.8 | ||
| 080 | _a332.14 | ||
| 100 | 1 |
_aWitt, Johannes _d(1958- ). _eAutor |
|
| 245 | 1 | 0 |
_aLokalne systemy ciepłownicze na obszarach nowo zabudowywanych : _bnowe możliwości tanich rozwiązań / _cJohannes Witt. |
| 246 | 1 |
_iTyt. oryg.: _aNahwärme in Neubaugebieten : _bneue Wege zu kostengünstigen Lösungen, _f1995 |
|
| 260 |
_aWarszawa : _bPrzedsiębiorstwo Naukowo-Techniczne CIBET, _ccop. 1997. |
||
| 300 |
_a94 s. : _bil. ; _c21 cm. |
||
| 336 |
_2rdacontent _aTekst _btxt |
||
| 337 |
_2rdamedia _aBez urządzenia pośredniczącego _bn |
||
| 338 |
_2rdacarrier _aWolumin _bnc |
||
| 380 | _aKsiążki | ||
| 388 | _a1901-2000 | ||
| 388 | _a1989-2000 | ||
| 504 | _aBibliogr. | ||
| 650 | 7 |
_aPlanowanie terenowe _2DBN |
|
| 658 | _aInżynieria i technika | ||
| 658 | _aArchitektura i budownictwo | ||
| 650 | 7 |
_aCiepłownictwo _2DBN |
|
| 650 | 7 |
_aSieć cieplna _2DBN |
|
| 650 | 7 |
_aOgrzewanie centralne _2DBN |
|
| 856 |
_uhttp://koha.tu.koszalin.pl/cgi-bin/koha/opac-detail.pl?biblionumber=52469 _yKatalog online BPK |
||
| 942 |
_2UKD _cKS |
||
| 999 |
_c52469 _d52469 |
||